KOHA-Header-6

Project Management (Strategic Design and Implementation) (Record no. 6593)

000 -LEADER
fixed length control field 00269nam a2200109Ia 4500
020 ## - INTERNATIONAL STANDARD BOOK NUMBER
ISBN 978-0471719625
100 ## - MAIN ENTRY--AUTHOR NAME
Personal name David I. Cleland
245 #0 - TITLE STATEMENT
Title Project Management (Strategic Design and Implementation)
260 ## - PUBLICATION, DISTRIBUTION, ETC. (IMPRINT)
Place of publication Singapore
Name of publisher McGraw
Year of publication 1999
300 ## - PHYSICAL DESCRIPTION
Number of Pages 560
942 ## - ADDED ENTRY ELEMENTS (KOHA)
Koha item type Books
Holdings
Withdrawn status Lost status Collection code Permanent Location Current Location Shelving location Date acquired Full call number Accession Number Koha item type
    Management MAJU MAJU   2019-09-07 658.4 2254 Management

Powered by Koha